Premier League Teams That Have Never Been Relegated - Statistics

General Stats
  • This quiz has been taken 25 times
  • The average score is 5 of 6
Answer Stats
Answer % Correct
Liverpool
100%
Chelsea
95%
Manchester United
95%
Arsenal
90%
Everton
80%
Tottenham Hotspurs
65%
No matching quizzes found
Score Distribution
Percent of People with Each Score
Percentile by Number Answered
Your Score History
You have not taken this quiz